000 00566nam a2200193Ia 4500
008 220216s9999 xx 000 0 und d
100 _aGeorge M
245 0 _aEffect of gamma irradiation and leaching conditions on residual extractable protein content in radiation vulcanized natural rubber latex films
260 _bRubber India
_c2001
300 _a15-Sep
650 _aExtractable proteins
650 _aLeaching
650 _aPost-heating
650 _aRVNRL
700 _aBritto I J
700 _aSebastian M S
700 _aThomas E V
942 _cJS
999 _c57868
_d57868